Statistiques concernant N'oubliez pas les paroles: "Maréchal nous voilà"

Cliquez ici pour prendre le quiz!

Statistiques générales

  • Ce quiz a été pris 131 fois
  • Le résultat moyen est 55 sur 103

Statistiques - réponses

% Correct
Maréchal
99%
Maréchal !
99%
nous
99%
voila
99%
voilà
99%
l'
94%
le
89%
t'
89%
la
88%
de
85%
à
77%
a
77%
France
76%
toi
65%
sauveur
62%
te
61%
devant
60%
Tu
59%
tu
59%
et
58%
patrie
57%
en
54%
tes
53%
pas
47%
une
47%
Une
47%
suivre
42%
on
41%
espérance
40%
pour
40%
gars
39%
jurons
39%
qui
38%
redonné
38%
du
36%
ton
36%
enfants
35%
sol
34%
as
33%
avec
33%
foi
32%
renaîtra
32%
servir
32%
Tous
32%
flamme
31%
ta
31%
fois
29%
ont
29%
sacrée
29%
natal
28%
salue
28%
monte
27%
aiment
26%
présent
26%
répondu
26%
appel
25%
vie
25%
ans
24%
sans
24%
enivrée
23%
suprême
23%
Verdun
23%
héros
22%
vénèrent
22%
seconde
21%
génie
20%
sauves
20%
commun
19%
parle
19%
salut
19%
tendresse
19%
cesse
18%
lutté
18%
donnant
16%

Distribution des résultats

Percentile par nombre de réponses

% des personnes avec chaque résultat

Votre développement - résultats

Vous n’avez pas pris ce quiz